Puissances militaires Européennes - Statistiques

Statistiques générales
  • Ce quiz a été pris 513 fois
  • Le résultat moyen est 21 sur 25
Statistiques - réponses
Rang Pays % Correct
1 France
100%
5 Allemagne
99%
6 Espagne
99%
2 Royaume-Uni
98%
3 Italie
97%
16 Portugal
92%
8 Pologne
91%
9 Suède
91%
12 Norvege
90%
11 Suisse
90%
21 Finlande
87%
10 Grèce
86%
7 Ukraine
86%
13 Pays bas
83%
14 Roumanie
82%
20 Autriche
80%
19 Danemark
78%
18 Hongrie
78%
24 Croatie
77%
15 République Tchèque
76%
23 Serbie
75%
25 Bulgarie
74%
22 Slovaquie
74%
4 Turquie
73%
17 Biélorussie
72%
Aucun quiz correspondant
Distribution des résultats
% des personnes avec chaque résultat
Percentile par nombre de réponses
Votre historique - résultats
Vous n’avez pas pris ce quiz